|
|
|
|
| LEADER |
00000nam0a2200000 4500 |
| 001 |
135644 |
| 005 |
20231031140157.0 |
| 010 |
|
|
|a 9785955800684
|
| 035 |
|
|
|a (RuTPU)RU\TPU\book\147002
|
| 090 |
|
|
|a 135644
|
| 100 |
|
|
|a 20080414d2008 m y0rusy50 ca
|
| 101 |
0 |
|
|a rus
|
| 102 |
|
|
|a RU
|
| 105 |
|
|
|a y j 001zy
|
| 200 |
1 |
|
|a Рекламный маркетинг
|e учебное пособие
|f Г. А. Васильев, В. А. Поляков
|
| 210 |
|
|
|a Москва
|c Вузовский учебник
|d 2008
|
| 215 |
|
|
|a 276 с.
|
| 225 |
1 |
|
|a Вузовский учебник
|
| 320 |
|
|
|a Библиогр.: с. 267-273.
|
| 330 |
|
|
|a Рассмотрены исторические корни рекламы, дана оценка этапов эволюционного развития рекламной деятельности с позиций маркетинга, проведен анализ рекламного рынка, представлены концепции развития рекламной деятельности, рассмотрены атрибутивные модели товара, даны принципы позиционирования товара в рекламе, рассмотрена модель «жизненного цикла рекламы», дан анализ ценовой политики на рекламном рынке. Рекомендуется для маркетологов, специалистов рекламного дела, рекламодателей, менеджеров-рекламистов, студентов экономических специальностей, широкого круга предпринимателей рекламного бизнеса.
|
| 610 |
1 |
|
|a экономика
|
| 610 |
1 |
|
|a реклама
|
| 610 |
1 |
|
|a рекламный маркетинг
|
| 610 |
1 |
|
|a рекламная деятельность
|
| 610 |
1 |
|
|a рекламный рынок
|
| 610 |
1 |
|
|a товары
|
| 610 |
1 |
|
|a моделирование
|
| 610 |
1 |
|
|a рекламные компании
|
| 610 |
1 |
|
|a управление
|
| 610 |
1 |
|
|a учебные пособия
|
| 675 |
|
|
|a 659(075.8)
|v 3
|
| 700 |
|
1 |
|a Васильев
|b Г. А.
|
| 701 |
|
1 |
|a Поляков
|b В. А.
|
| 801 |
|
1 |
|a RU
|b 63413507
|c 20080414
|g PSBO
|
| 801 |
|
2 |
|a RU
|b 63413507
|c 20170330
|g PSBO
|
| 942 |
|
|
|c BK
|
| 959 |
|
|
|a 39/20080403
|d 2
|e 118,10
|f ЧЗГЛ:1
|f АНЛ:1
|